Lord of The Rings - Characters by Actor - Statistics

General Stats
  • This quiz has been taken 30 times
  • The average score is 11 of 17
Answer Stats
Hint Answer % Correct
Elijah Wood Frodo Baggins
96%
Orlando Bloom Legolas
86%
Ian McKellen Gandalf the Grey/White
82%
Sean Bean Boromir
79%
Sean Astin Samwise Gamgee
79%
Ian Holm Bilbo Baggins
71%
Kate Blanchet Galadriel
71%
John Rhys-Davies Gimli
71%
Christopher Lee Saruman
71%
Liv Tyler Arwen
68%
Billy Boyd Pippin Took
57%
Miranda Otto Eowyn
54%
Dominic Monaghan Merry Brandybuck
54%
David Wenham Faramir
50%
Benedict Cumberbatch Sauron
36%
Viggo Mortensen Aragorn Elessar
21%
John Westbrook Treebeard
7%
No matching quizzes found
Score Distribution
Percent of People with Each Score
Percentile by Number Answered
Your Score History
You have not taken this quiz